00354nam a2200145Ia 4500003000400000005001700004008004100021020001900062040002900081100001700110245004200127260001800169260000900187546001200196OSt20240727120251.0170619s9999 xx 000 0 und d a978-8175156050 cIIMT ENGINEERING COLLEGE aShankar Ravi 0aIndustrial Engineering and management bGalgotia Pub. c2003 aENGLISH